000 00291nam a22001337a 4500
008 180913b xxu||||| |||| 00| 0 eng d
020 _a9780965328593
041 _aeng
080 _a591
100 _a7
101 _aZOO
245 _aThe VARIETY oF LIFE
_cTudge.C
942 _2udc
_cBK
999 _c47737
_d47737